[Event "Niedersachsen-ch B"]
[Site "Verden"]
[Date "2010.01.06"]
[Round "7.38"]
[White "Koch, Carsten"]
[Black "Rose, Shawn"]
[Result "1-0"]
[WhiteElo "1837"]
[BlackElo "1650"]
[PlyCount "49"]
[EventDate "2010.01.??"]
[EventType "swiss"]
[EventRounds "7"]
[EventCountry "GER"]
[SourceDate "2005.10.24"]

1. d4 d5 2. c4 Nf6 3. Nf3 e6 4. g3 c6 5. Bg2 Na6 6. O-O Be7 7. Nc3 dxc4 8. Ne5
Nd5 9. e4 Nb6 10. Be3 Bf6 11. Qe2 Bxe5 12. dxe5 Nb4 13. Bxb6 Qxb6 14. Qxc4 Bd7
15. a3 Na6 16. Qe2 Nc7 17. Kh1 O-O-O 18. Rfd1 f6 19. exf6 e5 20. Rxd7 Kxd7 21.
Bh3+ Ke8 22. fxg7 Rg8 23. Qh5+ Ke7 24. Qxe5+ Kf7 25. Na4 1-0

[Event "Niedersachsen-ch B"]
[Site "Verden"]
[Date "2010.01.06"]
[Round "7.39"]
[White "Bach, Jannik"]
[Black "Rux, Roland"]
[Result "1/2-1/2"]
[WhiteElo "1673"]
[BlackElo "1828"]
[PlyCount "51"]
[EventDate "2010.01.??"]
[EventType "swiss"]
[EventRounds "7"]
[EventCountry "GER"]
[SourceDate "2005.10.24"]

1. e4 d5 2. exd5 Nf6 3. d4 Bg4 4. Nf3 c6 5. dxc6 Nxc6 6. c3 Qa5 7. Nbd2 e6 8.
Be2 Be7 9. O-O Bf5 10. Nc4 Qc7 11. Nce5 Nxe5 12. Nxe5 O-O 13. f4 Nd7 14. Bd3
Bxd3 15. Qxd3 Rad8 16. Qe2 Bf6 17. Be3 Nb6 18. Rad1 Nd5 19. Kh1 b5 20. Rc1 Qb7
21. Rfd1 Bxe5 22. fxe5 Rc8 23. Kg1 Rc7 24. Rc2 Rfc8 25. Rdc1 a5 26. Qd2 1/2-1/2

[Event "Niedersachsen-ch B"]
[Site "Verden"]
[Date "2010.01.06"]
[Round "7.40"]
[White "Langenfeld, Stefan"]
[Black "Brehm, Stefan"]
[Result "1-0"]
[WhiteElo "1958"]
[BlackElo "1640"]
[PlyCount "53"]
[EventDate "2010.01.??"]
[EventType "swiss"]
[EventRounds "7"]
[EventCountry "GER"]
[SourceDate "2005.10.24"]

1. e4 c5 2. Nf3 d6 3. d4 cxd4 4. Nxd4 Nf6 5. Nc3 a6 6. f4 Qc7 7. Be2 e6 8. O-O
Nbd7 9. g4 Nc5 10. Bf3 e5 11. Nf5 g6 12. Ne3 Be6 13. f5 gxf5 14. gxf5 Bd7 15.
Ned5 Nxd5 16. Nxd5 Qd8 17. Kh1 Be7 18. Bh5 Bc6 19. Bxf7+ Kd7 20. Qg4 Kc8 21.
f6+ Bd7 22. Qg7 Bxf6 23. Nxf6 Bc6 24. Bd5 Rf8 25. Be3 Rxf6 26. Rxf6 Nxe4 27.
Bxc6 1-0

[Event "Niedersachsen-ch B"]
[Site "Verden"]
[Date "2010.01.06"]
[Round "7.41"]
[White "Schumacher, Klaus"]
[Black "Pundt, Wilfried"]
[Result "0-1"]
[WhiteElo "1884"]
[BlackElo "1934"]
[PlyCount "54"]
[EventDate "2010.01.??"]
[EventType "swiss"]
[EventRounds "7"]
[EventCountry "GER"]
[SourceDate "2005.10.24"]

1. c4 e5 2. Nc3 Nf6 3. g3 b5 4. Bg2 c6 5. cxb5 d5 6. bxc6 Nxc6 7. Qa4 Bd7 8.
Nxd5 Nxd5 9. Bxd5 Nd4 10. Qd1 Rc8 11. Be4 f5 12. Bb1 Bc5 13. e3 Bc6 14. exd4
Qxd4 15. Nh3 Bxh1 16. Bxf5 O-O 17. Bxc8 Rxc8 18. Qb3+ Bd5 19. Qe3 Qg4 20. Qxe5
Bc4 21. d3 Bf7 22. Be3 Bxe3 23. fxe3 Qxh3 24. g4 Re8 25. Qf4 Rxe3+ 26. Kf2 Re8
27. Rd1 Bb3 0-1

[Event "Niedersachsen-ch B"]
[Site "Verden"]
[Date "2010.01.06"]
[Round "7.43"]
[White "Vonhoff, Nils"]
[Black "Aden, Dagmar"]
[Result "1/2-1/2"]
[WhiteElo "1772"]
[BlackElo "1810"]
[PlyCount "78"]
[EventDate "2010.01.??"]
[EventType "swiss"]
[EventRounds "7"]
[EventCountry "GER"]
[SourceDate "2005.10.24"]

1. e4 c5 2. Nf3 d6 3. d4 cxd4 4. Nxd4 Nf6 5. Nc3 a6 6. Bc4 g6 7. Be3 Bg7 8. Qd2
Ng4 9. O-O-O Nxe3 10. Qxe3 Nc6 11. Nxc6 bxc6 12. h3 Qa5 13. Ne2 Rb8 14. Bb3 Be6
15. Kb1 Bxb3 16. cxb3 c5 17. Rc1 O-O 18. Rc4 Rb4 19. Rhc1 {(=)} Rfb8 20. g4 Qb5
21. Qd3 Rxc4 22. Qxc4 Qc6 23. a3 Qb5 24. Ka2 Qa5 25. Kb1 Qd2 26. Qc2 Qxc2+ 27.
Kxc2 c4 28. b4 a5 29. b3 axb4 30. a4 c3 31. Rd1 e6 32. Rxd6 Bf8 33. Rd7 Bc5 34.
f4 Kf8 35. e5 Ke8 36. Rc7 Bb6 37. Rc4 Be3 38. Re4 Bf2 39. Nc1 Bc5 1/2-1/2

[Event "Niedersachsen-ch B"]
[Site "Verden"]
[Date "2010.01.06"]
[Round "7.44"]
[White "Hartogh, Theo"]
[Black "Pfeifer, Frank"]
[Result "1-0"]
[WhiteElo "1833"]
[BlackElo "1739"]
[PlyCount "69"]
[EventDate "2010.01.??"]
[EventType "swiss"]
[EventRounds "7"]
[EventCountry "GER"]
[SourceDate "2005.10.24"]

1. c4 Nf6 2. g3 d5 3. Bg2 Bf5 4. Qb3 Be4 5. Bxe4 dxe4 6. Qxb7 Nbd7 7. Qb3 e6 8.
Nc3 Bc5 9. Qc2 Bxf2+ 10. Kxf2 Ng4+ 11. Kg2 f5 12. h3 O-O 13. hxg4 Qf6 14. g5
Qxg5 15. d4 Qg6 16. Bf4 Nf6 17. Nh3 Rad8 18. Rad1 Rd7 19. d5 e5 20. Bxe5 Ng4
21. Bf4 h6 22. Nf2 Nf6 23. Nb5 Nh5 24. e3 Rf6 25. Qe2 Nxg3 26. Bxg3 f4 27. exf4
Rxf4 28. Qh5 Rxf2+ 29. Kxf2 e3+ 30. Kg2 Qe4+ 31. Kh3 Re7 32. Rde1 Kh7 33. Nc3
Qxc4 34. Rh2 g6 35. Qf3 1-0

[Event "Niedersachsen-ch B"]
[Site "Verden"]
[Date "2010.01.06"]
[Round "7.45"]
[White "Vonhoff, Joerg"]
[Black "Weczerek, Dieter"]
[Result "1/2-1/2"]
[WhiteElo "1711"]
[BlackElo "1786"]
[PlyCount "103"]
[EventDate "2010.01.??"]
[EventType "swiss"]
[EventRounds "7"]
[EventCountry "GER"]
[SourceDate "2005.10.24"]

1. e4 e6 2. d4 d5 3. Nd2 Nf6 4. e5 Nfd7 5. Bd3 c5 6. c3 Nc6 7. Ne2 Qb6 8. Nf3
Be7 9. O-O a5 10. Bc2 cxd4 11. cxd4 f6 12. exf6 Nxf6 13. Qd3 Nb4 14. Qb3 a4 15.
Qc3 Bd7 16. Bb1 Rc8 17. Qe3 O-O 18. Nc3 Ng4 19. Qd2 Bd6 20. h3 Rxf3 21. hxg4
Rf4 22. Qe2 Rf7 23. g5 g6 24. Be3 Qa6 25. Qxa6 Nxa6 26. a3 Rcf8 27. Bd3 Nc7 28.
g3 e5 29. Rac1 e4 30. Bxe4 dxe4 31. Nxe4 Ne8 32. d5 Be5 33. Bc5 Bf5 34. Bxf8
Kxf8 35. Nc3 Bd7 36. Rfd1 Nd6 37. f4 Bg7 38. Re1 h6 39. gxh6 Bxh6 40. Ne4 Nxe4
41. Rxe4 g5 42. fxg5 Bxg5 43. Rf1 Be7 44. Rxf7+ Kxf7 45. Kf2 b5 46. Kf3 Bf6 47.
Rb4 Ke7 48. b3 axb3 49. Rxb3 Kd6 50. Ke4 Kc5 51. Rf3 Bb2 52. Rb3 1/2-1/2

[Event "Niedersachsen-ch B"]
[Site "Verden"]
[Date "2010.01.06"]
[Round "7.46"]
[White "Marach, Jonas"]
[Black "Kessens, Felix Magnus"]
[Result "1/2-1/2"]
[WhiteElo "1400"]
[BlackElo "1782"]
[PlyCount "93"]
[EventDate "2010.01.??"]
[EventType "swiss"]
[EventRounds "7"]
[EventCountry "GER"]
[SourceDate "2005.10.24"]

1. e4 e6 2. d4 d5 3. e5 c5 4. c3 Nc6 5. Nf3 Nge7 6. Bg5 Qb6 7. Qd2 cxd4 8. cxd4
Nf5 9. Be3 Bd7 10. Bd3 Nxe3 11. fxe3 Nb4 12. Be2 Be7 13. Nc3 O-O 14. O-O Rac8
15. a3 Nc6 16. Na4 Qa5 17. Qxa5 Nxa5 18. Nc3 Nc4 19. Bxc4 Rxc4 20. Nd2 Rc7 21.
e4 Bg5 22. Nf3 Be3+ 23. Kh1 dxe4 24. Nxe4 Bc6 25. Ned2 Bxf3 26. Nxf3 Rfc8 27.
Rfe1 Bf2 28. Rf1 Rc2 29. b3 h6 30. Rfd1 Rb2 31. Rab1 Rcc2 32. b4 Ra2 33. Ra1 g5
34. g4 Kg7 35. Rf1 Be3 36. Rfe1 Bf4 37. Red1 Kg6 38. Rf1 h5 39. h3 h4 40. Nxh4+
Kg7 41. Nf3 Kf8 42. Kg1 Ke7 43. Kh1 Rab2 44. Rab1 {(=)} Rxb1 45. Rxb1 Ra2 46.
Rb3 Kd7 47. Rc3 {
Zuletzt wurde oft nicht notiert, welcher T jeweils gezogen wurde.} 1/2-1/2

[Event "Niedersachsen-ch B"]
[Site "Verden"]
[Date "2010.01.06"]
[Round "7.47"]
[White "Sturm, Timo"]
[Black "Oehne, Timo"]
[Result "1/2-1/2"]
[WhiteElo "1865"]
[BlackElo "1644"]
[PlyCount "39"]
[EventDate "2010.01.??"]
[EventType "swiss"]
[EventRounds "7"]
[EventCountry "GER"]
[SourceDate "2005.10.24"]

1. e4 c6 2. g3 d5 3. Bg2 dxe4 4. Bxe4 Nf6 5. Bg2 Bg4 6. Ne2 e6 7. O-O Bd6 8. d4
Nbd7 9. Nd2 O-O 10. c3 Re8 11. f3 Bf5 12. Nc4 Nf8 13. Qb3 Bd3 14. Nxd6 Qxd6 15.
Re1 e5 16. dxe5 Qxe5 17. Bf4 Qc5+ 18. Nd4 b6 19. Be3 Qd5 20. Qd1 1/2-1/2

[Event "Niedersachsen-ch B"]
[Site "Verden"]
[Date "2010.01.06"]
[Round "7.48"]
[White "Schwenteck, Peter"]
[Black "Wagner, Dario"]
[Result "1-0"]
[WhiteElo "1759"]
[BlackElo "1328"]
[PlyCount "49"]
[EventDate "2010.01.??"]
[EventType "swiss"]
[EventRounds "7"]
[EventCountry "GER"]
[SourceDate "2005.10.24"]

1. d4 d5 2. Nf3 e6 3. e3 f5 4. c4 c6 5. Nc3 Nf6 6. Be2 Bd6 7. O-O Nbd7 8. Ng5
Qe7 9. f4 h6 10. Nf3 Ne4 11. Nxe4 fxe4 12. Ne5 Nxe5 13. fxe5 Bc7 14. Bh5+ Kd8
15. Qg4 Bd7 16. Rf7 Qg5 17. Rxg7 Qxg4 18. Bxg4 a6 19. Bd2 b5 20. cxd5 cxd5 21.
Rf1 Rc8 22. Bb4 Rb8 23. Rff7 Be8 24. Rxc7 Rf8 25. Bxf8 1-0

[Event "Niedersachsen-ch B"]
[Site "Verden"]
[Date "2010.01.06"]
[Round "7.49"]
[White "Tenninger, Joerg"]
[Black "Merettig, Georg"]
[Result "0-1"]
[WhiteElo "1566"]
[BlackElo "1958"]
[PlyCount "92"]
[EventDate "2010.01.??"]
[EventType "swiss"]
[EventRounds "7"]
[EventCountry "GER"]
[SourceDate "2005.10.24"]

1. d4 Nc6 2. Nf3 e6 3. c4 f5 4. Nc3 Nce7 5. Bf4 Nf6 6. h3 Ng6 7. Bh2 Bd6 8.
Bxd6 cxd6 9. a3 O-O 10. e3 b6 11. Be2 Bb7 12. O-O f4 13. d5 e5 14. e4 Rc8 15.
Nd2 a6 16. Qb3 Rb8 17. a4 Nh4 18. f3 Nh5 19. Rf2 Rf6 20. Bf1 Rg6 21. Ne2 Ba8
22. Qd3 Qg5 23. b3 Ng3 24. Nc3 Nxf1 25. Qxf1 h5 26. Ne2 Rh6 27. Kh2 Qe7 28. Qc1
g5 29. Qc3 g4 30. g3 Ng6 31. gxf4 Qh4 32. Kg1 g3 33. Rg2 exf4 34. Nf1 Ne5 35.
a5 Kh7 36. axb6 Rxb6 37. Nd4 Qf6 38. Nd2 Rg6 39. Ra5 Rh6 40. Qa1 Nd3 41. Nf5
Rg6 42. Rxa6 Rxa6 43. Qxa6 Rg8 44. Kf1 Nf2 45. h4 Bb7 46. Qxd6 Qa1+ 0-1

[Event "Niedersachsen-ch B"]
[Site "Verden"]
[Date "2010.01.06"]
[Round "7.50"]
[White "Munk, Leonhard"]
[Black "Boehning, Kilian"]
[Result "1-0"]
[WhiteElo "1751"]
[BlackElo "1247"]
[PlyCount "67"]
[EventDate "2010.01.??"]
[EventType "swiss"]
[EventRounds "7"]
[EventCountry "GER"]
[SourceDate "2005.10.24"]

1. d4 d5 2. c4 Nc6 3. Nf3 Nf6 4. Nc3 e6 5. e3 Bb4 6. a3 Bxc3+ 7. bxc3 Ne4 8.
Qc2 O-O 9. Bd3 f5 10. cxd5 exd5 11. a4 Re8 12. Bb5 a6 13. Bxc6 bxc6 14. Ne5 Qf6
15. O-O Re6 16. f3 Nd6 17. Ba3 Bb7 18. Rab1 Bc8 19. Qf2 a5 20. Rb2 Ba6 21. Rfb1
h6 22. Rb8+ Rxb8 23. Rxb8+ Kh7 24. Ra8 Nc4 25. Nd7 Qf7 26. Nf8+ Kh8 27. Nxe6+
Kh7 28. Nf8+ Kh8 29. Bc5 Nd6 30. Qg3 Nc8 31. Rxa6 Qe8 32. Kf2 Ne7 33. Bxe7 Qxe7
34. Ng6+ 1-0

[Event "Niedersachsen-ch B"]
[Site "Verden"]
[Date "2010.01.06"]
[Round "7.52"]
[White "Zucker, Stefan"]
[Black "Kollars, Dmitrij"]
[Result "1-0"]
[WhiteElo "2015"]
[BlackElo "1450"]
[PlyCount "47"]
[EventDate "2010.01.??"]
[EventType "swiss"]
[EventRounds "7"]
[EventCountry "GER"]
[SourceDate "2005.10.24"]

1. e4 c5 2. b4 cxb4 3. a3 bxa3 4. Nxa3 Nc6 5. d4 d6 6. c3 Nf6 7. Bd3 e6 8. f4
Be7 9. Nf3 O-O 10. O-O a6 11. e5 dxe5 12. fxe5 Nd5 13. Nc4 h6 14. Bc2 h5 15.
Nd6 g6 16. Ne4 b5 17. Qd2 Re8 18. Nfg5 Rf8 19. Nh3 Re8 20. Qf2 Rf8 21. Bh6 Bd7
22. Nhg5 Bxg5 23. Bxg5 Nce7 24. g4 1-0

[Event "Niedersachsen-ch B"]
[Site "Verden"]
[Date "2010.01.06"]
[Round "7.53"]
[White "Haniszewski, Patrick"]
[Black "Roehl, Bernd"]
[Result "0-1"]
[WhiteElo "1463"]
[BlackElo "1718"]
[PlyCount "46"]
[EventDate "2010.01.??"]
[EventType "swiss"]
[EventRounds "7"]
[EventCountry "GER"]
[SourceDate "2005.10.24"]

1. b3 d5 2. Bb2 c5 3. e3 Nc6 4. Nf3 Bg4 5. Be2 e6 6. c4 Nf6 7. O-O Be7 8. d3
O-O 9. Nbd2 h6 10. Re1 Bf5 11. Nh4 Bh7 12. a3 d4 13. exd4 Nxd4 14. Bxd4 Qxd4
15. Nhf3 Qd6 16. Bf1 Rad8 17. Ne4 Nxe4 18. dxe4 Qxd1 19. Raxd1 Rxd1 20. Rxd1
Bxe4 21. Rd7 Bf6 22. Rc7 Bc6 23. Nd2 Be5 0-1

[Event "Niedersachsen-ch B"]
[Site "Verden"]
[Date "2010.01.06"]
[Round "7.54"]
[White "Aldegeerds, Julian"]
[Black "Fischer, Manfred3 (1934)"]
[Result "1-0"]
[WhiteElo "1378"]
[BlackElo "1946"]
[PlyCount "111"]
[EventDate "2010.01.??"]
[EventType "swiss"]
[EventRounds "7"]
[EventCountry "GER"]
[SourceDate "2005.10.24"]

1. e4 e5 2. Nf3 d6 3. Bc4 Be7 4. d4 exd4 5. Nxd4 c6 6. Be3 Nf6 7. Nc3 O-O 8.
O-O Be6 9. Bxe6 fxe6 10. Nxe6 Qa5 11. Nxf8 Bxf8 12. Bd4 Nbd7 13. Re1 Re8 14. f3
b5 15. Bf2 b4 16. Ne2 h6 17. Bg3 Qc7 18. c3 a5 19. cxb4 axb4 20. Qb3+ Kh8 21.
Nf4 Ne5 22. Ne6 Qb8 23. Bxe5 dxe5 24. Nxf8 Rxf8 25. Rac1 Qa7+ 26. Kh1 Qb6 27.
a3 c5 28. axb4 cxb4 29. h3 Nh5 30. Qc2 Rf6 31. Qc5 Qe6 32. Qc8+ Kh7 33. Qxe6
Rxe6 34. Red1 Nf4 35. Rc4 Rb6 36. Kh2 b3 37. g3 Ne6 38. Rd5 Nd4 39. Rdxd4 exd4
40. Rxd4 Rc6 41. Rb4 Rc2+ 42. Kg1 Rxb2 43. f4 Rb1+ 44. Kf2 b2 45. Kg2 Kg6 46.
g4 Kf6 47. Rb6+ Ke7 48. f5 Kd7 49. e5 Kc7 50. Rb3 Re1 51. Rxb2 Rxe5 52. Rd2 h5
53. Kf3 g5 54. fxg6 Rg5 55. gxh5 Rxh5 56. g7 1-0

[Event "Niedersachsen-ch B"]
[Site "Verden"]
[Date "2010.01.06"]
[Round "7.55"]
[White "Kaphle, Kerstin"]
[Black "Reinkemeier, Fabian"]
[Result "0-1"]
[WhiteElo "1362"]
[BlackElo "1656"]
[PlyCount "58"]
[EventDate "2010.01.??"]
[EventType "swiss"]
[EventRounds "7"]
[EventCountry "GER"]
[SourceDate "2005.10.24"]

1. e4 g6 2. d4 Bg7 3. e5 d6 4. Nf3 Bg4 5. Qd3 Nc6 6. exd6 Qxd6 7. d5 Bxf3 8.
Qxf3 Qe5+ 9. Kd1 Nd4 10. Qf4 Qxd5 11. Bd3 e5 12. Qe4 Qxe4 13. Bxe4 O-O-O 14.
Bd2 f5 15. Bd3 e4 16. Bf1 Nf6 17. c3 Ne6 18. Kc2 Ng4 19. f3 exf3 20. gxf3 Ne5
21. f4 Ng4 22. Bg2 Bh6 23. h3 Nf6 24. Rf1 Nc5 25. Be3 Nce4 26. Bd4 Rhe8 27. Na3
c5 28. Bg1 Rd2+ 29. Kb3 Rxg2 0-1

[Event "Niedersachsen-ch B"]
[Site "Verden"]
[Date "2010.01.06"]
[Round "7.56"]
[White "Krumschmidt, Michael"]
[Black "Oberbacher, Michael"]
[Result "0-1"]
[WhiteElo "1648"]
[BlackElo "1299"]
[PlyCount "40"]
[EventDate "2010.01.??"]
[EventType "swiss"]
[EventRounds "7"]
[EventCountry "GER"]
[SourceDate "2005.10.24"]

1. d4 e5 2. dxe5 Nc6 3. Nf3 f6 4. exf6 Nxf6 5. Bg5 Bb4+ 6. c3 Be7 7. e3 O-O 8.
Nbd2 b6 9. Qb3+ Kh8 10. Bd3 {Notiert wurde Ld2, aber nur Ld3 ergibt Sinn.} Ng4
11. Ne4 Nce5 12. O-O-O Bxg5 13. Nfxg5 Nxf2 14. Nxf2 Qxg5 15. Rhf1 Qxe3+ 16. Kb1
Rxf2 17. Rxf2 Qxf2 18. Rf1 Qc5 19. Qd5 Qxd5 20. Rf8+ Qg8 0-1

[Event "Niedersachsen-ch B"]
[Site "Verden"]
[Date "2010.01.06"]
[Round "7.57"]
[White "Rosin, Julius"]
[Black "Buetow, Ingo"]
[Result "0-1"]
[WhiteElo "1247"]
[BlackElo "1789"]
[PlyCount "38"]
[EventDate "2010.01.??"]
[EventType "swiss"]
[EventRounds "7"]
[EventCountry "GER"]
[SourceDate "2005.10.24"]

1. e4 d5 2. exd5 Qxd5 3. Nc3 Qd6 4. d4 Nf6 5. g3 c6 6. Bf4 Qd8 7. Qd2 Bf5 8.
O-O-O Nd5 9. Nf3 h6 10. Bc4 g5 11. Be3 Bg4 12. Be2 e6 13. h3 Bf5 14. Bd3 Bxd3
15. Qxd3 Qa5 16. Nxd5 Qxd5 17. Ne5 Qxa2 18. b3 Bb4 19. c3 Ba3# 0-1

[Event "Niedersachsen-ch B"]
[Site "Verden"]
[Date "2010.01.06"]
[Round "7.58"]
[White "Kausche, Peter W"]
[Black "Sieber, Fiona"]
[Result "1-0"]
[WhiteElo "1549"]
[BlackElo "1285"]
[PlyCount "107"]
[EventDate "2010.01.??"]
[EventType "swiss"]
[EventRounds "7"]
[EventCountry "GER"]
[SourceDate "2005.10.24"]

1. Nf3 d5 2. e3 Nf6 3. b3 Bf5 4. Bb2 e6 5. c4 c6 6. Nc3 Nbd7 7. a3 Be7 8. Be2
O-O 9. Nh4 Bg6 10. Nxg6 hxg6 11. Qc2 c5 12. cxd5 exd5 13. h4 Ne5 14. h5 d4 15.
Ne4 d3 16. Nxf6+ gxf6 17. Qb1 dxe2 18. Bxe5 fxe5 19. hxg6 f5 20. Rh7 Rf6 21.
Kxe2 Bf8 22. Qb2 Qd5 23. Rah1 Bg7 24. R1h5 Raf8 25. f3 Rxg6 26. Rh2 Rxg2+ 27.
Rxg2 Kxh7 28. Qb1 Rf6 29. Qh1+ Rh6 30. Qg1 Qf7 31. Rg5 b6 32. Qg2 Qf6 33. d3 e4
34. fxe4 Qb2+ 35. Kf3 Qxg2+ 36. Rxg2 Re6 37. exf5 Bh6 38. fxe6 Bf8 39. Ke4 c4
40. dxc4 Bxa3 41. Ra2 Bd6 42. Rxa7+ Kg8 43. e7 Kf7 44. Kd5 Bxe7 45. Rxe7+ Kxe7
46. Kc6 Kd8 47. Kxb6 Kd7 48. c5 Kc8 49. c6 Kb8 50. e4 Kc8 51. e5 Kb8 52. e6 Kc8
53. e7 Kb8 54. e8=Q# 1-0

[Event "Niedersachsen-ch B"]
[Site "Verden"]
[Date "2010.01.06"]
[Round "7.59"]
[White "Koch, Yannick"]
[Black "Kollars, Michael"]
[Result "1/2-1/2"]
[WhiteElo "1176"]
[BlackElo "1530"]
[PlyCount "91"]
[EventDate "2010.01.??"]
[EventType "swiss"]
[EventRounds "7"]
[EventCountry "GER"]
[SourceDate "2005.10.24"]

1. d4 Nf6 2. Nf3 d6 3. c4 g6 4. Nc3 Bg7 5. e4 O-O 6. Be2 Nbd7 7. O-O e5 8. dxe5
Nxe5 9. Nxe5 dxe5 10. h3 c6 11. Be3 Qc7 12. Qc2 b6 13. Rad1 Bb7 14. Rd2 Rfd8
15. Rfd1 Rxd2 16. Rxd2 Rd8 17. Rxd8+ Qxd8 18. Qd2 Qxd2 19. Bxd2 a5 20. f3 Nd7
21. Be3 Ba6 22. a3 Bf8 23. Na4 b5 24. cxb5 cxb5 25. Nb6 Nxb6 26. Bxb6 a4 27.
Kf2 f5 28. Ke3 Bh6+ 29. Kf2 Bc1 30. Bc7 Bxb2 31. Bd6 Kf7 32. exf5 gxf5 33. Bd3
Ke6 34. Bb4 h5 35. g4 fxg4 36. fxg4 hxg4 37. hxg4 Bc1 38. Be4 Kf6 39. Kf3 Bf4 {
(=)} 40. Bc6 Ke6 41. Ke4 Kf6 42. Bd5 Bc8 43. Kf3 Be6 44. Bxe6 Kxe6 45. Ke4 Bc1
46. Bc5 1/2-1/2

[Event "Niedersachsen-ch B"]
[Site "Verden"]
[Date "2010.01.06"]
[Round "7.60"]
[White "Mai, Robin"]
[Black "Wernke Schmiesing, Sebastian"]
[Result "0-1"]
[WhiteElo "1152"]
[BlackElo "1475"]
[PlyCount "76"]
[EventDate "2010.01.??"]
[EventType "swiss"]
[EventRounds "7"]
[EventCountry "GER"]
[SourceDate "2005.10.24"]

1. d4 Nf6 2. c4 e5 3. dxe5 Ng4 4. Nf3 Bc5 5. e3 Nc6 6. Nc3 Ngxe5 7. Nxe5 Nxe5
8. Be2 d6 9. O-O O-O 10. a3 a5 11. f4 Nc6 12. Bd2 f5 13. Qc2 Bd7 14. Rf3 Rf6
15. Rg3 Rh6 16. Be1 Ne7 17. Nd5 Nxd5 18. cxd5 Qe7 19. Bf2 Re8 20. Qc3 Qf6 21.
Qxf6 Rxf6 22. Rd1 c6 23. Bc4 Kh8 24. dxc6 Bxc6 25. Bd5 Bxd5 26. Rxd5 g6 27. Rd3
Rfe6 28. Kf1 Kg7 29. Ke1 Re4 30. Kd2 b5 31. b3 Bxa3 32. Kc2 Rc8+ 33. Rc3 Rxc3+
34. Kxc3 Bb4+ 35. Kd3 a4 36. bxa4 bxa4 37. Rg5 d5 38. h4 Rc4 0-1

[Event "Niedersachsen-ch B"]
[Site "Verden"]
[Date "2010.01.06"]
[Round "7.61"]
[White "Diederichs, Luise"]
[Black "Oelfke, Nils Lukas"]
[Result "1-0"]
[WhiteElo "1470"]
[BlackElo "1240"]
[PlyCount "59"]
[EventDate "2010.01.??"]
[EventType "swiss"]
[EventRounds "7"]
[EventCountry "GER"]
[SourceDate "2005.10.24"]

1. c4 c5 2. Nc3 Nf6 3. g3 e6 4. e4 Nc6 5. Bg2 d5 6. cxd5 exd5 7. exd5 Nb4 8. d3
Nbxd5 {Welcher Sxd5?} 9. Nge2 g6 10. Nxd5 Nxd5 11. Qa4+ Bd7 12. Qe4+ Be6 13.
O-O Bg7 14. d4 O-O 15. dxc5 Nf6 16. Qc2 Qe7 17. Nf4 Bf5 18. Qb3 Rfd8 19. Qxb7
Qxc5 20. Be3 Qc8 21. Qxa8 Qxa8 22. Bxa8 Rxa8 23. Rac1 Ng4 24. b3 Nxe3 25. fxe3
Re8 26. Kf2 Rc8 27. Rxc8+ Bxc8 28. Rc1 Bf5 29. Rc7 a5 30. Rc5 1-0

[Event "Niedersachsen-ch B"]
[Site "Verden"]
[Date "2010.01.06"]
[Round "7.62"]
[White "Roemer, Helmut"]
[Black "Guenther, Alexander"]
[Result "1-0"]
[WhiteElo "1672"]
[BlackElo "1114"]
[PlyCount "107"]
[EventDate "2010.01.??"]
[EventType "swiss"]
[EventRounds "7"]
[EventCountry "GER"]
[SourceDate "2005.10.24"]

1. d4 d5 2. c4 c6 3. Nc3 e6 4. Nf3 Bd6 5. c5 Bc7 6. a3 f5 7. Bg5 Nf6 8. Ne5 h6
9. Ng6 Rg8 10. e3 hxg5 11. Be2 Kd7 12. b4 b6 13. O-O Ba6 14. b5 Bxb5 15. Nxb5
cxb5 16. Bxb5+ Kc8 17. Rc1 Nbd7 18. cxb6 Nxb6 19. Ba6+ Kb8 20. Qc2 Qd6 21. Ne5
Nc4 22. Rb1+ Bb6 23. Nxc4 dxc4 24. Rfc1 Rh8 25. g3 Kc7 26. Qxc4+ Kd7 27. a4 Qd5
28. Bb5+ Ke7 29. Qb4+ Kf7 30. Bc6 Qa5 31. Qxa5 Bxa5 32. Bxa8 Rxa8 33. Rb7+ Kg6
34. Re7 Re8 35. Rxa7 Bb6 {(=)} 36. Rb7 Ba5 37. Rc5 Be1 38. Kf1 Bxf2 39. Kxf2
Ng4+ 40. Ke2 Nxh2 41. Rcc7 Rg8 42. Re7 Kf6 43. Rf7+ Kg6 44. a5 Ng4 45. a6 Nh6
46. Rfe7 Kf6 47. a7 g4 48. Rec7 Rf8 49. Rb8 Rxb8 50. axb8=Q Kg5 51. Rxg7+ Kh5
52. Qe8+ Nf7 53. Qxf7+ Kh6 54. Qg6# 1-0

[Event "Niedersachsen-ch B"]
[Site "Verden"]
[Date "2010.01.06"]
[Round "7.63"]
[White "Worpenberg, Lukas"]
[Black "Bonacic, Jascha"]
[Result "1-0"]
[WhiteElo "1306"]
[BlackElo "1764"]
[PlyCount "109"]
[EventDate "2010.01.??"]
[EventType "swiss"]
[EventRounds "7"]
[EventCountry "GER"]
[SourceDate "2005.10.24"]

1. d4 g6 2. c4 Bg7 3. Nc3 c5 4. e3 Nf6 5. Nf3 O-O 6. Be2 cxd4 7. exd4 d5 8. c5
Nc6 9. O-O Ne4 10. h3 Bf5 11. a3 Rc8 12. Be3 b6 13. Ba6 Rc7 14. cxb6 axb6 15.
Rc1 Nb8 16. Bb5 Nxc3 17. Rxc3 Rxc3 18. bxc3 Qd6 19. Qb3 Nc6 20. Nh4 Bd7 21. Bd3
Ra8 22. Ra1 Na5 23. Qb4 Qf6 24. Nf3 Bxh3 25. Bg5 Qe6 26. gxh3 Qxh3 27. Be2 f6
28. Be3 h5 29. Qb1 Nc4 30. Qxg6 Kh8 31. Qg2 Qxg2+ 32. Kxg2 Rxa3 33. Rxa3 Nxa3
34. Nd2 e5 35. dxe5 fxe5 36. Bxb6 Kh7 37. Bc5 Nc2 38. Bd3+ Kh6 39. Bxc2 d4 40.
c4 Kg5 41. Be7+ Kg4 42. c5 h4 43. c6 h3+ 44. Kh2 e4 45. c7 Be5+ 46. Kh1 Bxc7
47. Bxe4 Bf4 48. Nf3 d3 49. Bb4 Bc7 50. Bc5 Kf4 51. Nd2 Kg4 52. Bxd3 Kh4 53.
Be2 Kg5 54. Nf3+ Kf5 55. Ng1 1-0

[Event "Niedersachsen-ch B"]
[Site "Verden"]
[Date "2010.01.06"]
[Round "7.64"]
[White "Sablotny, Juergen"]
[Black "Gawollek, Hans"]
[Result "1-0"]
[WhiteElo "1833"]
[BlackElo "1468"]
[PlyCount "72"]
[EventDate "2010.01.??"]
[EventType "swiss"]
[EventRounds "7"]
[EventCountry "GER"]
[SourceDate "2005.10.24"]

1. Nf3 d5 2. d4 Nc6 3. e3 Nf6 4. c4 dxc4 5. Bxc4 a6 6. O-O e6 7. Nc3 Be7 8. a3
O-O 9. Qc2 h6 10. Rd1 Bd7 11. b4 Qe8 12. Bb2 Nd8 13. e4 Bc6 14. Ne5 b6 15. Nxc6
Qxc6 16. Bd3 Qe8 17. Qe2 a5 18. b5 Nd7 19. e5 f5 20. f4 g6 21. Qf3 Rb8 22. d5
Bc5+ 23. Kh1 Kh7 24. Bc4 Rf7 25. dxe6 Nxe6 26. Bc1 Nd4 27. Qd5 Re7 28. Rxd4
Bxd4 29. Qxd4 Rd8 30. Nd5 Rf7 31. Bb2 h5 32. Rd1 Kh6 33. Nxc7 Qe7 34. Bxf7 Qxf7
35. e6 Qf6 36. Qxf6 Nxf6 1-0

[Event "Niedersachsen-ch B"]
[Site "Verden"]
[Date "2010.01.06"]
[Round "7.65"]
[White "Raetzke von Stoyentin, Steffen"]
[Black "Knobel, Hannah Bettina"]
[Result "1/2-1/2"]
[WhiteElo "1240"]
[BlackElo "1482"]
[PlyCount "97"]
[EventDate "2010.01.??"]
[EventType "swiss"]
[EventRounds "7"]
[EventCountry "GER"]
[SourceDate "2005.10.24"]

1. c4 e6 2. Nc3 Nf6 3. d4 d5 4. Bg5 Nbd7 5. cxd5 exd5 6. Nxd5 Nxd5 7. Bxd8 Bb4+
8. Qd2 Bxd2+ 9. Kxd2 Kxd8 10. e4 N5f6 11. Bd3 Re8 12. f3 b6 13. Ne2 Bb7 14.
Rac1 Rc8 15. h4 Re7 16. h5 Nb8 17. e5 Nd5 18. Bxh7 Ba6 19. a3 f6 20. Be4 c6 21.
Bf5 Rcc7 22. e6 Bxe2 23. Kxe2 Nf4+ 24. Kf2 Nxe6 25. Rhd1 Nf4 26. g3 Nd5 27. Rd3
Nd7 28. Be4 Nf8 29. Bf5 Nd7 30. b4 Kc8 31. f4 Kb7 32. Kf3 Nf8 33. Be4 Re8 34.
b5 Ne7 35. bxc6+ Nxc6 36. Rdc3 Rec8 37. Ke3 Re8 38. d5 f5 39. dxc6+ Kc8 40. Rc4
Rxe4+ 41. Rxe4 fxe4 42. Kxe4 Ne6 43. Kd5 Nc5 44. Re1 Kd8 45. g4 Rf7 {(=)} 46.
f5 Rf6 47. Re3 Na6 48. Rd3 Nc5 49. Re3 1/2-1/2